|
|
|
|
| LEADER |
00000nam0a2200000 4500 |
| 001 |
113268 |
| 005 |
20231101215120.0 |
| 010 |
|
|
|a 5280004618
|
| 010 |
|
|
|a 5-280-00462-6
|
| 020 |
|
|
|a RU
|b 88-58373
|
| 035 |
|
|
|a (RuTPU)RU\TPU\book\122505
|
| 090 |
|
|
|a 113268
|
| 100 |
|
|
|a 20070409d1988 m y0rusy5003 ca
|
| 101 |
0 |
|
|a rus
|
| 102 |
|
|
|a RU
|
| 105 |
|
|
|a a z 000ay
|
| 200 |
1 |
|
|a Былое и думы
|a Т. 1. Части 1-5
|f А. И. Герцен
|g [Вступ. ст., с. 5-22, коммент. Г. Г. Елизаветиной; Ил. С. К. и И. С. Рудаковых]
|
| 210 |
|
|
|a Москва
|c Художественная литература
|d 1988
|
| 215 |
|
|
|d 24 см
|e (цв. ил.)
|a 671 с.
|
| 320 |
|
|
|a Комментарии: с. 604-668.
|
| 610 |
1 |
|
|a общественная мысль
|
| 610 |
1 |
|
|a Россия
|
| 610 |
1 |
|
|a история
|
| 610 |
1 |
|
|a 19 век
|
| 610 |
1 |
|
|a мемуары
|
| 675 |
|
|
|a Р1
|z rus
|v 3
|
| 700 |
|
1 |
|a Герцен
|b А. И.
|c российский революционер
|c писатель
|c философ
|f 1812-1870
|g Александр Иванович
|2 stltpush
|3 (RuTPU)RU\TPU\pers\286
|9 142
|
| 702 |
|
1 |
|a Елизаветина
|b Г. Г.
|4 080
|
| 702 |
|
1 |
|a Рудаков
|b С. К.
|4 440
|
| 702 |
|
1 |
|a Рудакова
|b И. С.
|4 440
|
| 801 |
|
0 |
|a RU
|b RuMRKP
|c 19950417
|g psbo
|
| 801 |
|
1 |
|a RU
|b 63413507
|c 20070409
|g PSBO
|
| 801 |
|
2 |
|a RU
|b 63413507
|c 20170313
|g PSBO
|
| 942 |
|
|
|c BK
|